000 00574cam a2200217 a 4500
001 4732748
005 20180104040939.0
008 840710s1984 enka b 001 0 eng
010 _a 84014652
020 _a0631134360 :
_c$29.95 (U.S.)
040 _aDLC
_cDLC
_dDLC
041 _aeng
080 _a330 PET
082 0 0 _a330 PET
_219
100 _a53
101 _aECO
245 0 0 _aEconomics in disarray /
_cedited by Peter Wiles and Guy Routh.
504 _aBibliography: p. [326]-343.
906 _a7
_bcbc
_corignew
_d1
_eocip
_f19
_gy-gencatlg
942 _2ddc
_cBK
999 _c39666
_d39666